00570nam a22002057a 450000500170000001000110001702000100002803500110003803700160004904000120006508200160007724500790009326000420017227000310021430000280024550000220027365000300029565000190032570000200034420170124110228.0 a205201 c00.00 a205201 bCen Lib/Ret aDPLbEN a551.43bSTA aStandard encyclopedia of the world's mountains /cedited by Anthony Huxley aLondonbWeindenfeld & Nicolson c1962 a20 New Bond StreetbLondon a383p. :c24cm(Hb)bill. aIncludes index  aMountains -- Dictionaries aMountaineering aHuxley, Anthony